Movies Quiz

Random Movies or Nominee Quiz

Biographical Oscar Winners Quiz Stats

Quiz Updated Jun 29, 2016

Challenge
Share
Tweet
Embed
Score 0/66 Timer 13:00
1 Play Today
Character Actor % Correct
Erin BrockovichJulia Roberts (Erin Brockovich)
86.7%
Abraham LincolnDaniel Day-Lewis (Lincoln)Daniel Day-Lewis
85.9%
Ray CharlesJamie Foxx (Ray)
83.4%
Margaret ThatcherMeryl Streep (The Iron Lady)
83.1%
Harvey MilkSean Penn (Milk)
82.3%
Mohandas GandhiBen Kingsley (Gandhi)
78.7%
Truman CapotePhilip Seymour Hoffman (Capote)
78.2%
June Carter CashReese Witherspoon (Walk the Line)
77.2%
Jake LaMottaRobert De Niro (Raging Bull)
76.4%
George VIColin Firth (The King's Speech)
74.9%
Katharine HepburnCate Blanchett (The Aviator)
74.8%
Christy BrownDaniel Day-Lewis (My Left Foot)
73%
Leigh Anne TuohySandra Bullock (The Blind Side)
70.5%
Elizabeth IIHelen Mirren (The Queen)
69.9%
Idi AminForest Whitaker (The Last King of Scotland)
69.1%
Aileen WuornosCharlize Theron (Monster)
65%
George S. PattonGeorge C. Scott (Patton)
64.6%
Wladyslaw SzpilmanAdrien Brody (The Pianist)
63.2%
Dicky EklundChristian Bale (The Fighter)
61.7%
Teena Brandon/Brandon TeenaHilary Swank (Boys Don't Cry)
61.2%
Virginia WoolfNicole Kidman (The Hours)
59.3%
Stephen HawkingEddie Redmayne (The Theory of Everything)
59.1%
Elizabeth IJudi Dench (Shakespeare in Love)
58.4%
Loretta LynnSissy Spacek (Coal Miner's Daughter)
58%
Helen PrejeanSusan Sarandon (Dead Man Walking)
56.7%
Alicia NashJennifer Connelly (A Beautiful Mind)
55%
Antonio SalieriF. Murray Abraham (Amadeus)
48.4%
Édith PiafMarion Cotillard (La vie en rose)
47.5%
Ron WoodroofMatthew McConaughey (Dallas Buyer's Club)
47.5%
Eleanor of AquitaineKatharine Hepburn (The Lion in Winter)
46.6%
David HelfgottGeoffrey Rush (Shine)
45.2%
Fanny BriceBarbra Streisand (Funny Girl)
43.7%
Alvin C. YorkGary Cooper (Sergeant York)
40%
Character Actor % Correct
MongkutYul Brynner (The King and I)
39.8%
Alice WardMelissa Leo (The Fighter)
38.6%
John LarocheChris Cooper (Adaptation)
38.3%
Claus von BülowJeremy Irons (Reversal of Fortune)
37.7%
Béla LugosiMartin Landau (Ed Wood)
37.2%
Helen KellerPatty Duke (The Miracle Worker)
35.5%
Annie SullivanAnne Bancroft (The Miracle Worker)
35.3%
Father FlanaganSpencer Tracy (Boys Town)
34%
George M. CohanJames Cagney (Yankee Doodle Dandy)
33.2%
PatseyLupita Nyong'o (12 Years a Slave)
32.1%
Ben BradleeJason Robards (All the President's Men)
30.5%
Dashiell HammettJason Robards (Julia)
30.5%
Anna Koreff/Anastasia (Based on Anna Anderson)Ingrid Bergman (Anastasia)
28.7%
Eufemio ZapataAnthony Quinn (Viva Zapata!)
25.5%
Paul GauguinAnthony Quinn (Lust for Life)
25.5%
Rudolf AbelMark Rylance (Bridge of Spies)
25%
Bernadette SoubirousJennifer Jones (The Song of Bernadette)
24.2%
Eve White/Eve Black/Jane (Based on Chris Costner Sizemore)Joanne Woodward (The Three Faces of Eve)
23.2%
Lee KrasnerMarcia Gay Harden (Pollock)
22.5%
Henry VIIICharles Laughton (The Private Life of Henry VIII)
22%
Sir Thomas MorePaul Scofield (A Man for All Seasons)
21.3%
Bridget BrownBrenda Fricker (My Left Foot)
19.7%
Louis PasteurPaul Muni (The Story of Louis Pasteur)
18.6%
John BayleyJim Broadbent (Iris)
18%
Dith PranHaing S. Ngor (The Killing Fields)
17.6%
Barbara GrahamSusan Hayward (I Want to Live!)
16.1%
Lentulus BatiatusPeter Ustinov (Spartacus)
15.4%
Blanche BarrowEstelle Parsons (Bonnie and Clyde)
14.1%
Emma GoldmanMaureen Stapleton (Reds)
13.4%
Benjamin DisraeliGeorge Arliss (Disraeli)
11.9%
Judge Roy BeanWalter Brennan (The Westerner)
11.6%
Anna HeldLuise Rainer (The Great Ziegfeld)
10.9%
Alfred DreyfusJoseph Schildkraut (The Life of Émile Zola)
5.6%

You're not logged in!

Compare scores with friends on all Sporcle quizzes.
Sign Up with Email
OR
Log In

You Might Also Like...

Show Comments

Extras

Top Quizzes Today


Score Distribution

Your Account Isn't Verified!

In order to create a playlist on Sporcle, you need to verify the email address you used during registration. Go to your Sporcle Settings to finish the process.